000 00589cam a2200193 4500500
005 20260405003013.0
041 _afre
042 _adc
100 1 0 _aDegiovanni, Clara
_eauthor
245 0 0 _aViolence : quand les coups viennent de partout
260 _c2020.
500 _a100
690 _aHarcèlement
690 _aTravail
690 _aViolence
690 _aViolence Conjugale
786 0 _nPhilosophie magazine | 136 | 2 | 2020-02-01 | p. 5-5 | 1951-1787
856 4 1 _uhttps://shs.cairn.info/magazine-philosophie-magazine-2020-2-page-5?lang=fr&redirect-ssocas=7080
999 _c2063409
_d2063409